Keep Of The Grass (Record no. 322029)
[ view plain ]
| 000 -LEADER | |
|---|---|
| fixed length control field | 00410nam a2200157Ia 4500 |
| 008 - FIXED-LENGTH DATA ELEMENTS--GENERAL INFORMATION | |
| fixed length control field | 230718s9999 xx 000 0 und d |
| 041 ## - LANGUAGE CODE | |
| Language code of text/sound track or separate title | eng |
| 082 ## - DEWEY DECIMAL CLASSIFICATION NUMBER | |
| Classification number | 615.52'3962 |
| Item number | BAJ |
| 100 ## - MAIN ENTRY--PERSONAL NAME | |
| Personal name | Bajaj K. |
| 9 (RLIN) | 118045 |
| 245 ## - TITLE STATEMENT | |
| Title | Keep Of The Grass |
| 260 ## - PUBLICATION, DISTRIBUTION, ETC. (IMPRINT) | |
| Date of publication, distribution, etc. | 2008 |
| Name of publisher, distributor, etc. | Harper Collins |
| 300 ## - PHYSICAL DESCRIPTION | |
| Extent | 259 |
| 365 ## - TRADE PRICE | |
| Currency code | Rs. |
| Price amount | 195.00 |
| 700 ## - ADDED ENTRY--PERSONAL NAME | |
| Personal name | Bajaj K. |
| 9 (RLIN) | 118045 |
| 906 ## - LOCAL DATA ELEMENT F, LDF (RLIN) | |
| d | O:0019301-Aug-2009B:91118-Jul-2009 |
| c | GENRL |
| b | 39 |
| Withdrawn status | Lost status | Damaged status | Not for loan | Home library | Current library | Date acquired | Vendor | Budget Code | Cost, normal purchase price | Bill number | Total Checkouts | Full call number | Barcode | Date last seen | Date last checked out | Discount | Cost, replacement price | Bill Date | Koha item type | Original Barcode |
|---|---|---|---|---|---|---|---|---|---|---|---|---|---|---|---|---|---|---|---|---|
| Cummins College of Engineering for Women Pune | Cummins College of Engineering for Women Pune | 01/08/2009 | Tbs | GENRL | 156.00 | 911 | 2 | 615.52'3962 | CCEP-BK-33236 | 18/12/2024 | 29/11/2024 | 39 | 195.00 | 18/07/2009 | Books | 033236 |